[Event "GRENKE Chess Classic and Open 2024"]
[Site "Karlsruhe, Germany"]
[Date "2024.04.01"]
[Round "1"]
[White "Carlsen, Magnus"]
[Black "Rapport, Richard"]
[Result "1-0"]
[Annotator "Rafael Leitao"]
[WhiteElo "2823"]
[BlackElo "2708"]
[PlyCount "101"]
[GameId "2129699921059679"]
[EventDate "2024.??.??"]
[TimeControl "2700+10"]
[Link "https://www.chess.com/pt-BR/article/view/dez-melhores-partidas-xadrez-2024"]

1. e4 e6 2. d4 d5 3. Nc3 Bb4 4. e5 c5 5. a3 Bxc3+ 6. bxc3 Ne7 7. Qg4 Qc7 8. Bd3
Qa5 {Rapport repete a mesma variante de sua partida contra Vachier-Lagrave, na
qual ele obteve uma boa posição desde a abertura.} 9. Bd2 c4 10. Be2 Rg8 11. a4
Nbc6 12. Qh3 {Eu sugeri esse lance na minha análise da partida acima mencionada,
mas pensei que a ideia de Rapport fosse sacrificar o peão de h.} (12. Nf3 {foi o
lance feito por Vachier-Lagrave.}) 12... h6 $6 (12... Bd7 {Este é um lance
crítico e eu tinha imaginado que Rapport o jogaria.} 13. Qxh7 O-O-O {Com a ideia
de jogar f7-f6, com uma luta complicada. As Negras têm alguma compensação pelo
peão na forma de um desenvolvimento melhor e chances de atacar a vulnerável dama
das Brancas.}) 13. Bh5 $1 {O bispo está posicionado em uma casa ativa, impedindo
as Negras de fazer o roque grande e liberando a casa e2 para o cavalo. Se as
Negras jogarem g7-g6, são criadas fraquezas nas casas escuras.} 13... Bd7 14.
Ne2 g6 {Este lance é, no final das contas, um mal necessário, pois é a única
maneira de fazer o roque.} (14... O-O-O $2 15. Bxf7) 15. Bg4 $1 {Um lance curioso.
Por que Carlsen não retornou imediatamente o bispo para f3, como a grande
maioria da humanidade faria $2 Jogar lances tão sutis é uma das muitas razões
pelas quais ele é tão especial.} (15. Bf3 Rh8 {Isso é forçado, já que não há
outra maneira de defender o peão, e h6-h5 é uma versão muito pior para as Negras
do que o que acontece na partida. Talvez o ponto seja que o plano das Brancas
aqui não é tão claro ou eficaz quanto o plano possível com o bispo em g4.} 16.
g4 $5 {com a ideia de Dg3 e depois h4-h5.}) 15... h5 {O lance anterior das
Brancas foi feito para provocar esse avanço.} (15... Rh8 16. Qf3 {Essa é uma das
diferenças de o bispo estar em g4: as Brancas podem usar a terceira fileira para
a dama ir para g3 ou f3, seguido pelo avanço do peão de h.}) 16. Bf3 Nf5 $6
(16... O-O-O {é mais preciso, embora as Negras ainda estejam sofrendo após} 17.
Bg5 {As casas escuras estão muito vulneráveis.}) 17. g4 $1 hxg4 18. Bxg4 O-O-O 19.
Bxf5 $1 {Mudar a natureza estratégica da posição é frequentemente difícil no
xadrez, então os lances g4 e agora Bxf5 podem não ser os mais fáceis para muitos
jogadores. No entanto, ao olhar para o tabuleiro de forma objetiva, podemos ver
que as Negras têm uma posição miserável estrategicamente: muitas fraquezas nas
casas escuras e nenhum plano ativo.} 19... exf5 20. Bg5 Rde8 21. Kd2 $1 {O rei das
Brancas encontra um refúgio surpreendentemente seguro no meio do tabuleiro. O
plano das Brancas agora é relativamente simples: colocar a dama em f3 e avançar
o peão de h.} 21... Rh8 22. Qf3 {O mau bispo de casas claras na Defesa Francesa
é mais uma vez uma das causas da tragédia.} 22... Nd8 $1 {A única chance é ativar
o cavalo colocando-o em e6.} 23. Bf6 Rh6 24. h4 (24. Nf4 {é uma alternativa
possível.} 24... Ne6 $1 25. Nxe6 $1 (25. Qxd5 {é menos claro:} 25... Qc7 $1 {Isso é o
que as Negras querem: alguma atividade às custas de um peão, embora sua posição
ainda esteja objetivamente pior.} (25... Qxd5 {é bom para as Brancas depois de}
26. Nxd5 Bc6 27. Ne3 $1 Bxh1 28. Rxh1)) 25... Bxe6 26. h4 Rh5 27. Qd1 $1 {Com a
ideia de jogar Dc1-a3 e torturar as Negras por um longo tempo nas casas
escuras.}) 24... Ne6 25. h5 $2 {Isso deixa a posição aguda, mas não é o melhor
lance.} (25. Qe3 Rh5 26. Nf4 Nxf4 27. Qxf4 {com uma vantagem para as Brancas,
semelhante à que vimos após 24.Cf4. Deve-se ressaltar que a torre em h5, embora
esteja protegendo a ala do rei, está isolada do jogo.}) 25... g5 $1 26. Rae1 $3
{Este é outro lance muito difícil que não é fácil de entender até que
mergulhemos mais fundo na posição. Esse tipo de lance é muito mais bonito do que
uma simples combinação, que é uma questão puramente matemática. Aqui, no
entanto, está a verdadeira arte do xadrez: lances que só podem ser compreendidos
após muita reflexão e que envolvem uma ideia oculta para impedir o plano do
adversário.} (26. Qxf5 $4 {perde tragicamente a dama após} 26... Nxd4 27. Qxg5
Nf3+) (26. Rag1 $2 g4 27. Qe3 f4 $1 28. Nxf4 Rxf6 $1 29. exf6 Ng5 {Nesta linha,
podemos ver a importância da torre em e1.}) 26... f4 $2 {A posição é muito difícil
de jogar e é difícil para as Negras não cometerem um erro.} (26... Qxa4 $2
{Capturar o peão em a4 é claramente errado:} 27. Ra1) (26... Bxa4 $2 27. Qxf5)
(26... g4 $2 {Nesta linha, podemos entender a ideia por trás do lance anterior de
Carlsen.} 27. Qe3 f4 {Isso não funciona mais:} 28. Nxf4 Rxf6 29. exf6 Ng5 30.
Qxe8+ {Graças à torre em e1, as Brancas ganham duas torres e um peão—nada menos
do que o perigoso peão passado de h—pela dama. A verdadeira arte do xadrez.})
(26... a6 $1 {Este ou 26...b6 são os melhores lances segundo o computador. O que
posso dizer $2 Xadrez não é fácil. 26...a6 eu consigo entender: agora é possível
capturar em a4 em algumas linhas, já que não há mais Ta1 capturando em a7. Além
disso, o rei pode marchar para um lugar mais seguro com Rb8-a7. Peço desculpas
se essa explicação não foi convincente. A posição continua muito complicada e a
avaliação é a que esperamos (0.00).}) 27. Reg1 $1 {Os peões na ala do rei estão
muito vulneráveis.} 27... Rg8 {Isso perde forçado, mas é difícil fazer
recomendações.} (27... Bxa4 {é a sugestão do computador e provavelmente a melhor
chance prática, mas após} 28. Ra1 $1 {as Negras estão presas.} (28. Bxg5 $2 {é
errado:} 28... Bxc2 $1 29. Kxc2 Qa2+ {com xeque perpétuo.})) 28. Nxf4 $1 Rxf6 $1
{Rapport está à altura do desafio e luta com grande resiliência.} (28... Nxf4
29. Qxf4 {29.Txg5 ou 29.Bxg5 também ganha.} (29. Rxg5 Rxg5 30. Bxg5 Rxh5 31.
Rxh5 Nxh5 32. Qxh5 Be6 33. f4 {As Negras não conseguem manter a posição por
muito tempo.}) 29... gxf4 30. Rxg8+ Be8 (30... Kc7 31. Bd8+) 31. Rxe8+ Kd7 32.
Re7+ Kc6 33. Rxf7 {com uma vitória fácil, já que o rei está muito exposto e as
Brancas têm dois peões passados perigosos.}) 29. exf6 Nxf4 30. h6 $6 {Fiquei
surpreso com esse lance, já que esperava que Carlsen capturasse em f4. Mas as
coisas não são tão fáceis quanto eu pensei inicialmente.} (30. Qxf4 $1 gxf4 31.
Rxg8+ Kc7 {Agora as Brancas devem ser muito precisas.} 32. Rg7 $1 (32. Rf8 {também
é bom.}) (32. h6 $2 {é tentador... e errado:} 32... Bf5 33. h7 $2 {Agora as Brancas
até perdem $1} (33. Rh5 {é o suficiente para um empate.}) 33... Qxa4 $1 {As Negras
começam um contra-ataque surpreendente e vencem a partida.} (33... Bxh7 $2 34.
Rxh7 {com uma vitória fácil.}) 34. h8=Q Qxc2+ 35. Ke1 f3 {com mate inevitável.})
32... Qxa4 (32... Bf5 33. Rxf7+ Kc6 34. Rc1 $1 {O peão de c2 está protegido e os
peões de h e f são decisivos, por exemplo:} 34... Qd8 35. h6 Qe8 36. h7) 33. h6
Bf5 34. Rxf7+ Kb6 35. Rc1 Qe8 36. h7 $1 {com uma vantagem decisiva para as
Brancas.}) 30... Ne6 $1 31. h7 Rh8 32. Qe3 $1 {Preparando o sacrifício em g5.} 32...
Qd8 $1 33. Rxg5 $1 Nxg5 34. Qxg5 {A dama vai para g7 e as Negras ficam paralisadas,
mas ainda resta saber como as Brancas podem quebrar completamente a
resistência.} 34... Kc7 35. Qg7 Be6 36. Re1 $2 {Esse lance surpreendentemente
deixa a vitória escapar.} (36. Rh5 $1 {era o caminho certo para a torre, com o
mesmo plano da partida.}) 36... Kb6 $2 (36... Bf5 $1 {é o lance certo:} 37. Qxf7+
Kc6 {Agora é a vez das Brancas precisarem jogar com cuidado.} 38. Rg1 Rxh7 39.
Rg7 {A partida termina em empate de várias maneiras possíveis.} 39... Rxg7
(39... Qb8 40. Kc1 $1 Qf4+ 41. Kb2 Rxg7 42. fxg7 Qxf2 43. Qe8+ {com xeque
perpétuo.}) 40. fxg7 (40. Qxg7 {também é um empate:} 40... Qd6 41. f7 Qf4+ 42.
Ke1 Qe4+ 43. Kf1 Qh1+ {com xeque perpétuo novamente.}) 40... Qg5+ 41. Ke2 Bh7
42. Qe6+ {com um empate.}) 37. Re5 $1 Qc8 38. f4 {Preparando f4-f5 no momento
certo.} 38... a6 39. Kc1 $1 {É importante esconder o rei primeiro.} (39. f5 $2 Bxf5
40. Rxf5 Qxf5 41. Qxh8 Qf4+ {com xeque perpétuo.}) 39... Ka7 40. f5 Bd7 (40...
Bxf5 41. Rxf5 Qxf5 42. Qxh8 {Agora há um abrigo de peões protegendo o rei.}) 41.
a5 $1 Qf8 42. Kb2 Qc8 43. Rxd5 {As Brancas começam a coletar os peões.} 43... Bc6
44. Re5 Bd7 45. Qxf7 Bxf5 46. Rc5 Qe6 47. Qxe6 Bxe6 48. Rc7 Bf5 49. Rg7 $1 {Até os
últimos lances são bonitos.} 49... Bxh7 50. f7 {Preparando Txh7. Se o bispo se
mover, as Brancas podem jogar Tg8. Uma posição de estudo.} 50... Bd3 51. cxd3
{Uma partida maravilhosa.} 1-0

[Event "2024 FIDE World Championship"]
[Site "Singapore"]
[Date "2024.11.25"]
[Round "1"]
[White "Gukesh D"]
[Black "Ding, Liren"]
[Result "0-1"]
[Annotator "Rafael Leitao"]
[WhiteElo "2783"]
[BlackElo "2728"]
[PlyCount "84"]
[GameId "2115790884773899"]
[EventDate "2024.??.??"]
[Link "https://www.chess.com/pt-BR/article/view/dez-melhores-partidas-xadrez-2024"]

1. e4 e6 {A Defesa Francesa pode não ser muito popular entre a elite, mas é uma
das defesas favoritas entre os amadores, e é sempre bom vê-la em ação, pois
promete um jogo complicado. Ding já a havia jogado no match contra
Nepomniachtchi, por sugestão de seu segundo, o GM Rapport. Esse lance certamente
não foi uma surpresa para Gukesh.} 2. d4 d5 3. Nc3 (3. Nd2 {é o lance jogado por
Nepomniachtchi no match.}) 3... Nf6 4. e5 Nfd7 5. f4 (5. Nce2 {é a ordem de
lances mais comum se as Brancas quiserem jogar o plano com Cce2-c3.}) 5... c5 6.
Nce2 $5 (6. Nf3 {é de longe o lance mais jogado.}) 6... Nc6 $1 (6... cxd4 {é uma
tentativa de explorar a ordem de lances das Brancas, mas parece que as Negras
estão ligeiramente pior após} 7. Nxd4 Nc6 8. Ngf3) 7. c3 {Agora temos uma
transposição para a linha principal do sistema com Cce2, com milhares de
partidas no banco de dados.} 7... a5 $5 {É apenas o nono lance mais popular nesta
posição, mas um dos favoritos do computador. As Negras querem ganhar espaço na
ala da dama.} (7... Qb6 {é o lance principal.}) (7... Be7 {também é natural e
popular.}) (7... b5 {tem o plano de atacar na ala da dama com b5-b4.}) (7... f6
{rompe o centro imediatamente e pode ser estudado.}) (7... cxd4 $6 {é mais fraco:
é cedo demais para liberar a tensão.}) (7... f5 $6 {fecha a ala do rei e permite
que as Brancas tentem um plano com g2-g4 mais tarde.}) (7... a6 $6 {é muito
lento. $146ão entendo o objetivo desse lance.}) (7... b6 $6 {Uma casa a menos.}) 8.
Nf3 (8. a4 {pode ser tentado, parando o avanço do peão negro, mas então a
inclusão de a5-a4 favorece as Negras se elas jogarem as ideias convencionais com
...Db6. Após uma troca em d4, pode ser possível aproveitar a fraqueza da casa
b4.} 8... Qb6 9. Nf3 Be7 10. g3 f6 {com jogo de dois gumes.}) 8... a4 9. Be3 (9.
a3 {para o peão, mas enfraquece um pouco a ala da dama. As Negras ficam bem
após} 9... Be7) 9... Be7 10. g4 $6 {Um lance novo e um tanto duvidoso.} (10. Qd2
O-O 11. h4 $6 {Duda-Caruana, Chess.com Speed Chess Blitz 2020. Aqui as Negras
podem obter vantagem com o típico} 11... f6 $1) (10. Ng3 Qb6 11. Rb1 cxd4 12. Nxd4
Bc5 {com uma posição equilibrada, foi jogado em Edwards-Guzman, e-mail 2022.})
(10. dxc5 {é a recomendação da máquina.} 10... Nxc5 11. Ng3 $5 {com jogo igual}
(11. Ned4 O-O {transpõe para Kamsky-Shabalov, EUA Saint Louis 2013.})) 10... Qa5
(10... O-O {Em caso de dúvida, roque. Este é um bom lance também. Se as Brancas
seguirem o desenvolvimento, então após} 11. Bg2 b5 $1 {As Negras têm um excelente
contra-jogo na ala da dama.}) 11. Bg2 (11. Kf2 $6 {retira o rei da linha de visão
da dama, mas deixa o monarca exposto após} 11... f6) (11. a3 {é possível, com
jogo complicado depois de} 11... f6) 11... a3 $6 {Aparentemente, este não é o
mais preciso. As Negras têm várias alternativas interessantes.} (11... O-O)
(11... b5 {Com a ideia de jogar b4.}) (11... Nb6 {Com o objetivo de colocar o
cavalo em c4.}) 12. b3 cxd4 13. b4 $1 {Um lance intermediário importante.} 13...
Qc7 14. Nexd4 Nb6 {O cavalo das Negras tem a casa c4 à disposição, mas as
Brancas têm um controle firme sobre d4 e a dama das Negras já não está tão
ativa.} 15. O-O (15. Nb5 {é interessante:} 15... Qd8 16. Bf1 $5 {Prevenindo
Cb6-c4. As Brancas podem lutar por uma ligeira vantagem.} (16. O-O {também é
possível, mas aqui a posição é igual após} 16... Nc4 17. Bf2 Bd7 18. Nbd4))
15... Nc4 16. Bf2 Bd7 17. Qe2 {Um lance natural de desenvolvimento.} 17... Nxd4
18. Nxd4 (18. Bxd4 {também é jogável, mas depois de} 18... Bb5 {As Brancas
precisam resolver alguns problemas devido ao forte bispo de casas claras, uma
peça que normalmente é um fardo na Defesa Francesa, mas que está muito ativa
nesta posição.}) 18... Nb2 $1 {Um excelente lance, atacando o peão de c3 e também
preparando Dc4 para ativar a dama ou trocá-la.} 19. Qe3 {Defendendo c3.} (19.
f5 $6 {é um sacrifício de peão otimista.} 19... Qxc3 {As Brancas não têm
compensação.}) (19. Nb5 {é natural, mas não é o melhor.} 19... Qc6 {com vantagem
para as Negras.} (19... Bxb5 20. Qxb5+ Qc6 {também é bom.})) (19. Rac1 Qc4
{força uma troca de damas.}) (19. Rfc1 {É uma pena remover a torre da coluna f.
As Negras ficam bem após} 19... Qc4) 19... Rc8 20. Rac1 $6 {Uma resposta natural,
mas há um problema.} (20. Be1 $1 {Este lance estranho é o mais preciso. A ideia é
que após} 20... Qc4 $6 {as Brancas agora podem jogar} 21. Rf3 $1 {impedindo
Dc4-d3.}) 20... Qc4 $1 {O peão de a2 está sob ataque, mas ainda mais importante é
o fato de que a invasão da dama em d3 não pode ser impedida.} 21. f5 $6 {A partir
de agora, a posição das Brancas se deteriora rapidamente.} (21. Rfe1 {é um pouco
melhor.} 21... Qd3 22. Bf1 Qxe3 23. Bxe3 Nc4 {com um final confortável para as
Negras.}) 21... Qd3 $1 22. Qe1 $2 {Isso torna as coisas ainda piores.} (22. Qf4
{Aqui as Negras têm o forte} 22... g5 $1 23. Qg3 (23. fxg6 $2 Qxg6 {é horrível para
as Brancas. O cavalo pula para d3, o bispo para g5, e a dama ataca e defende em
g6.}) 23... Qxg3 24. Bxg3 O-O {com a ideia de Bd8-b6 e um final melhor.}) (22.
g5 $5 {é uma possível tentativa de complicar o jogo.}) 22... Bg5 $1 23. Rc2 Rc4
{Ameaçando capturar em d4.} 24. h4 (24. Qb1 {não funciona:} 24... Rxc3 25. Rxc3
Qxc3 26. fxe6 fxe6 27. Bxd5 $5 {Uma tentativa prática interessante, mas as Negras
ganham após um jogo preciso.} 27... exd5 28. e6 g6 $1 {Um lance difícil, impedindo
Db1-f5.} (28... Ba4 $2 29. Qf5 $1 {com contra-jogo.}) 29. exd7+ Kxd7 {As Negras têm
um peão a mais, com peças ativas. O rei está surpreendentemente bem colocado em
d7.}) 24... Bf4 25. Qb1 {As Brancas estão ameaçando 26.Txb2.} 25... Rxc3 26.
Rxc3 Qxc3 27. fxe6 fxe6 $2 {As Brancas agora ganham algumas chances.} (27... Bxe6 $1
{é a melhor maneira de capturar o peão.} 28. Ne2 (28. Nb5 {perde após} 28...
Qxe5 29. Re1 Bh2+ 30. Kh1 Qf4) 28... Qxe5 29. Nxf4 Qxf4 {com uma posição ganha
para as Negras.}) 28. Ne2 $1 Qxe5 29. Nxf4 Qxf4 30. Qc2 $2 {A ideia certa, mas a
execução errada. Essa frase é um clichê usado por todo comentarista de xadrez.}
(30. Bc5 $1 {é o caminho certo.} 30... Qxg4 31. Qc2 $1 {Só agora. A posição se torna
muito aguda. A dama pode ir para f2, c3 ou c7 (após um lance do bispo).} (31.
Qxh7 $2 {Isto é muito tentador, mas as Negras vencem após o forte (e forçado)}
31... Qd4+ $3 (31... Rxh7 32. Rf8#) 32. Bxd4 Rxh7) 31... Na4 (31... Qxh4 $6 32.
Qc3 $1 {e as Brancas conseguem um contra-jogo real.}) (31... Nc4 {também é
possível:} 32. Qf2 Kd8 $1 33. Bb6+ Nxb6 34. Qxb6+ Ke8 35. Qd6 $1 Qd4+ 36. Rf2 {com
boas chances de empate para as Brancas — sua dama está muito ativa.}) 32. Bd6
Qd4+ 33. Rf2 Nc3 $1 34. Bc5 Qd1+ 35. Qxd1 Nxd1 {Trocar as damas é um alívio, mas
agora o peão de a cai.} 36. Rf3 Nb2 37. Rxa3 Na4 {As Negras têm um peão a mais,
mas um empate deve ser o resultado correto.}) 30... Qc4 $1 {Parando a atividade da
dama e preparando para rocar.} 31. Qd2 O-O $1 32. Bd4 Nd3 {Ding faz todos os
melhores lances.} 33. Qe3 Rxf1+ (33... e5 {também está ganho, mas é um pouco
mais complicado.} 34. Rxf8+ Kxf8 35. Bxe5 Nxe5 36. Qxe5 Qxb4) 34. Bxf1 e5 $1 {Aqui
ficou claro para todos que a partida acabou.} 35. Bxe5 (35. Bxd3 Qxd4 36. Qxd4
exd4 {com uma vitória fácil no final de bispos.}) 35... Qxg4+ 36. Bg2 (36. Bg3
{é mais teimoso, mas as Negras estão ganhas após} 36... Nxb4) 36... Bf5 $1 {O
bispo vai para e4.} 37. Bg3 {Jogado \"com a seta prestes a cair,\" uma expressão
que pode parecer difícil de entender na era dos relógios digitais de xadrez.}
37... Be4 38. Kh2 h6 $1 (38... Bxg2 $4 {Nunca é tarde demais para perder uma
posição ganha.} 39. Qe8#) 39. Bh3 Qd1 40. Bd6 Qc2+ {As Negras simplesmente vão
atrás do peão de a2.} 41. Kg3 Qxa2 42. Be6+ Kh8 {Uma ótima partida de Ding e um
começo maravilhoso para o match.} (42... Kh7 $4 43. Qxe4+) (42... Kh8 43. Qxe4
Qf2+ $1) 0-1